[Event "Xtracon Open 2019"]
[Site "Helsingor"]
[Date "2019.07.20"]
[Round "1.7"]
[White "Sebastian, Andreas"]
[Black "Maze, Sebastien"]
[Result "0-1"]
[WhiteElo "1911"]
[BlackElo "2565"]
[Annotator "ChessBase"]
[PlyCount "50"]
[EventDate "2019.07.19"]
[EventType "swiss"]
[EventCountry "DEN"]
[SourceTitle "playchess.com"]
[Source "ChessBase"]
[SourceQuality "1"]

1. d4 Nf6 2. Bf4 c5 3. e3 e6 4. c3 Nc6 5. Nd2 b6 6. Ngf3 Bb7 7. Bd3 Be7 8. h4 d6 9. Qe2 h6 10. a4 O-O 11. Rg1 Re8 12. g4 cxd4 13. g5 dxc3 14. bxc3 hxg5 15. Nxg5 e5 16. Nxf7 Kxf7 17. Bg6+ Kf8 18. Bg5 e4 19. Nxe4 Ne5 20. Bxf6 Bxf6 21. Nxf6 Qxf6 22. Bxe8 Nf3+ 23. Kf1 Nxg1 24. Kxg1 Rxe8 25. Qh5 Re5 0-1

[Event "Xtracon Open 2019"]
[Site "Helsingor"]
[Date "2019.07.20"]
[Round "1.7"]
[White "Nielsen, Palle"]
[Black "Buchenau, Frank"]
[Result "0-1"]
[WhiteElo "1806"]
[BlackElo "2294"]
[Annotator "NA"]
[PlyCount "92"]
[EventDate "2019.07.19"]
[EventType "swiss"]
[EventCountry "DEN"]
[SourceTitle "playchess.com"]
[Source "ChessBase"]
[SourceQuality "1"]

1. e4 e6 2. d4 d5 3. Nc3 Nf6 4. Bg5 dxe4 5. Nxe4 Be7 6. Nxf6+ Bxf6 7. Bxf6 Qxf6 8. Nf3 O-O 9. Bd3 c5 10. c3 cxd4 11. Nxd4 a6 12. Qc2 g6 13. Ne2 Nd7 14. Ng3 Nc5 15. Be2 Bd7 16. O-O Ba4 17. b3 Bc6 18. f3 Qe5 19. Rfe1 Qe3+ 20. Kh1 Qf4 21. Qc1 Qxc1 22. Raxc1 b5 23. h4 f5 24. b4 Na4 25. Bd1 Kf7 26. Bxa4 bxa4 27. Ne2 e5 28. c4 Rfd8 29. Red1 a3 30. Kg1 Rab8 31. Rxd8 Rxd8 32. Rc2 Rb8 33. Rc3 Rxb4 34. Rxa3 Rxc4 35. Rxa6 Ke6 36. g3 Rc2 37. f4 Kd7 38. Ra7+ Kd8 39. Rxh7 Rxe2 40. Rg7 Rg2+ 41. Kf1 Rxg3 42. fxe5 f4 43. e6 Be4 44. Rd7+ Ke8 45. Rd4 Re3 46. a4 Ke7 0-1

[Event "Xtracon Open 2019"]
[Site "Helsingor"]
[Date "2019.07.20"]
[Round "1.7"]
[White "Jannik, Morten Emil"]
[Black "Pallesen, Jacob"]
[Result "0-1"]
[WhiteElo "1561"]
[BlackElo "2041"]
[Annotator "NA"]
[PlyCount "43"]
[EventDate "2019.07.19"]
[EventType "swiss"]
[EventCountry "DEN"]
[SourceTitle "playchess.com"]
[Source "ChessBase"]
[SourceQuality "1"]

1. Nf3 d5 2. d4 Nf6 3. Bf4 e6 4. h3 c5 5. e3 Nc6 6. c3 Qb6 7. Qc2 Bd7 8. Nbd2 Rc8 9. dxc5 Bxc5 10. Nb3 Be7 11. Bd3 Nb4 12. Qd2 Nxd3+ 13. Qxd3 Ne4 14. Qd4 Qa6 15. Nfd2 Bf6 16. Be5 Nxd2 17. Nxd2 Bxe5 18. Qxe5 O-O 19. Nb3 f6 20. Qd4 Rc4 21. Nc5 Qb5 22. Qd2 0-1

[Event "Xtracon Open 2019"]
[Site "Helsingor"]
[Date "2019.07.20"]
[Round "1.8"]
[White "Hobber, Anders"]
[Black "Lindgaard, Tobias Simon"]
[Result "1-0"]
[WhiteElo "2294"]
[BlackElo "1804"]
[Annotator "NA"]
[PlyCount "55"]
[EventDate "2019.07.19"]
[EventType "swiss"]
[EventCountry "DEN"]
[SourceTitle "playchess.com"]
[Source "ChessBase"]
[SourceQuality "1"]

1. Nf3 Nc6 2. d4 d6 3. e4 g6 4. d5 Nb8 5. Nc3 Bg7 6. Be2 e5 7. dxe6 Bxe6 8. Ng5 Bd7 9. Bc4 Nh6 10. h4 Nc6 11. f3 Ne5 12. Bb3 Bc6 13. Be3 Qd7 14. Qd2 b5 15. Bd4 Bb7 16. f4 c5 17. Bxe5 dxe5 18. Qxd7+ Kxd7 19. O-O-O+ Ke7 20. Bd5 Rab8 21. Bxb7 Rxb7 22. Nd5+ Ke8 23. f5 gxf5 24. exf5 Nxf5 25. Ne4 Bh6+ 26. Kb1 Ne3 27. Nxe3 Bxe3 28. Nd6+ 1-0

[Event "Xtracon Open 2019"]
[Site "Helsingor"]
[Date "2019.07.20"]
[Round "1.8"]
[White "Bach, Matthias"]
[Black "Skjolingstad, Sverre"]
[Result "1-0"]
[WhiteElo "2241"]
[BlackElo "1754"]
[Annotator "NA"]
[PlyCount "47"]
[EventDate "2019.07.19"]
[EventType "swiss"]
[EventCountry "DEN"]
[SourceTitle "playchess.com"]
[Source "ChessBase"]
[SourceQuality "1"]

1. b4 e5 2. Bb2 Bxb4 3. Bxe5 Nf6 4. Nf3 Nc6 5. Bb2 O-O 6. e3 d5 7. Be2 Re8 8. O-O Bf5 9. d3 Qd6 10. Nbd2 Ng4 11. h3 Nge5 12. a3 Ba5 13. a4 Re6 14. Nxe5 Nxe5 15. Nb3 Bb6 16. a5 Bxh3 17. Bxe5 Qxe5 18. axb6 Rg6 19. Bf3 Qf5 20. Rxa7 Re8 21. e4 Qc8 22. Qe2 f5 23. e5 f4 24. Rfa1 1-0

[Event "Xtracon Open 2019"]
[Site "Helsingor"]
[Date "2019.07.20"]
[Round "1.8"]
[White "Hyldkrog, Lars"]
[Black "Tari, Aryan"]
[Result "0-1"]
[WhiteElo "1932"]
[BlackElo "2620"]
[Annotator "TA"]
[PlyCount "62"]
[EventDate "2019.07.19"]
[EventType "swiss"]
[EventCountry "DEN"]
[SourceTitle "playchess.com"]
[Source "ChessBase"]
[SourceQuality "1"]

1. e4 e5 2. Nf3 Nc6 3. d4 exd4 4. Bc4 Nf6 5. e5 d5 6. Bb5 Ne4 7. Nxd4 Bd7 8. Nxc6 bxc6 9. Bd3 Qh4 10. Be3 Bc5 11. Bxc5 Nxc5 12. O-O O-O 13. Nd2 Qd4 14. Nf3 Qxb2 15. Bxh7+ Kxh7 16. Ng5+ Kg8 17. f4 Ne6 18. Rf3 Qd4+ 19. Qxd4 Nxd4 20. Rf2 f6 21. exf6 gxf6 22. Nf3 Nxf3+ 23. Rxf3 Rfe8 24. f5 Kf7 25. g4 Rab8 26. h4 Rb4 27. Rg3 Ree4 28. g5 fxg5 29. hxg5 Bxf5 30. Rf1 Kg6 31. Rgf3 Rg4+ 0-1

[Event "Xtracon Open 2019"]
[Site "Helsingor"]
[Date "2019.07.20"]
[Round "1.9"]
[White "Svane, Rasmus"]
[Black "Nilsson, Patrik"]
[Result "1-0"]
[WhiteElo "2615"]
[BlackElo "2223"]
[Annotator "TA"]
[PlyCount "61"]
[EventDate "2019.07.19"]
[EventType "swiss"]
[EventCountry "DEN"]
[SourceTitle "playchess.com"]
[Source "ChessBase"]
[SourceQuality "1"]

1. Nf3 Nf6 2. d4 g6 3. g3 Bg7 4. Bg2 O-O 5. O-O d6 6. b3 c6 7. Bb2 Nbd7 8. Re1 Qc7 9. e4 e5 10. Nbd2 Re8 11. Nc4 Nb6 12. Nxb6 axb6 13. a4 Bg4 14. h3 Bxf3 15. Bxf3 Rad8 16. dxe5 dxe5 17. Qe2 Nd7 18. Rad1 Nc5 19. Bc1 Ne6 20. c3 Rxd1 21. Rxd1 Rd8 22. Be3 h5 23. Rxd8+ Qxd8 24. Qd1 Qc7 25. Be2 Bf8 26. Bc4 Nc5 27. Qf3 Qd7 28. Qf6 Bg7 29. Qxg6 Kf8 30. Bxc5+ bxc5 31. Qxh5 1-0

[Event "Xtracon Open 2019"]
[Site "Helsingor"]
[Date "2019.07.20"]
[Round "1.9"]
[White "Hansen, Tommy"]
[Black "Ronka, Erik"]
[Result "0-1"]
[WhiteElo "1799"]
[BlackElo "2289"]
[Annotator "NA"]
[PlyCount "108"]
[EventDate "2019.07.19"]
[EventType "swiss"]
[EventCountry "DEN"]
[SourceTitle "playchess.com"]
[Source "ChessBase"]
[SourceQuality "1"]

1. e4 c6 2. d4 d5 3. exd5 cxd5 4. c4 Nf6 5. Nc3 g6 6. cxd5 Nxd5 7. Nf3 Bg7 8. Bc4 Nb6 9. Bb3 Nc6 10. Be3 O-O 11. O-O Na5 12. Re1 Nxb3 13. Qxb3 Bg4 14. Ne5 Be6 15. Qd1 Nd5 16. Bd2 Rc8 17. Ne4 Nf6 18. Bb4 Nxe4 19. Rxe4 Qd5 20. Re3 Rc7 21. Bc3 b6 22. a3 Qb7 23. Nd3 Bh6 24. Re1 Bd5 25. f3 a5 26. Nf2 Rd8 27. Qe2 Rcd7 28. Ng4 Bg7 29. Ne5 Rc7 30. Qe3 Qa7 31. Qf4 b5 32. Nd3 Qb6 33. Kh1 Bc4 34. Ne5 b4 35. axb4 axb4 36. Nxc4 Rxc4 37. Bd2 Qxd4 38. Qxd4 Rcxd4 39. Be3 Rd3 40. Bb6 Rb8 41. Bc7 Rc8 42. Be5 Bxe5 43. Rxe5 e6 44. Rb5 Rb3 45. h3 Rxb2 46. Ra7 Rc1+ 47. Kh2 Rcc2 48. Rb8+ Kg7 49. Rbb7 Rxg2+ 50. Kh1 Rgd2 51. Rxf7+ Kg8 52. Rg7+ Kf8 53. Rgf7+ Ke8 54. Rfe7+ Kd8 0-1

[Event "Xtracon Open 2019"]
[Site "Helsingor"]
[Date "2019.07.20"]
[Round "1.10"]
[White "Praggnanandhaa R"]
[Black "Kittilsen, Sigurd"]
[Result "1-0"]
[WhiteElo "2540"]
[BlackElo "1894"]
[Annotator "TA"]
[PlyCount "45"]
[EventDate "2019.07.19"]
[EventType "swiss"]
[EventCountry "DEN"]
[SourceTitle "playchess.com"]
[Source "ChessBase"]
[SourceQuality "1"]

1. g3 c5 2. Bg2 g6 3. Nf3 Bg7 4. c3 e5 5. e4 Nc6 6. O-O Nge7 7. d3 O-O 8. a3 a5 9. a4 d5 10. exd5 Nxd5 11. Nbd2 Rb8 12. Re1 Nb6 13. Ne4 c4 14. dxc4 Nxc4 15. Qe2 Nb6 16. Be3 Qc7 17. Qb5 Nd7 18. Rad1 b6 19. Qc4 Ra8 20. Rd6 Ndb8 21. Nf6+ Kh8 22. Red1 Be6 23. Rxe6 1-0

[Event "Xtracon Open 2019"]
[Site "Helsingor"]
[Date "2019.07.20"]
[Round "1.10"]
[White "Valkama, Eero"]
[Black "Loveid, Erik"]
[Result "1/2-1/2"]
[WhiteElo "2286"]
[BlackElo "1799"]
[Annotator "NA"]
[PlyCount "107"]
[EventDate "2019.07.19"]
[EventType "swiss"]
[EventCountry "DEN"]
[SourceTitle "playchess.com"]
[Source "ChessBase"]
[SourceQuality "1"]

1. e4 c6 2. d4 d5 3. e5 Bf5 4. Nf3 e6 5. Be2 Nd7 6. O-O c5 7. c4 Ne7 8. dxc5 Nxc5 9. Be3 Qc7 10. Nc3 Ne4 11. Nb5 Qd7 12. Nxa7 Nc6 13. Nxc6 bxc6 14. Nd4 Bg6 15. f3 Nc5 16. cxd5 exd5 17. f4 Be4 18. b4 Ne6 19. a3 Be7 20. Bg4 O-O 21. Ne2 f5 22. exf6 Bxf6 23. Bd4 Qe7 24. Qd2 Rfe8 25. Bxf6 gxf6 26. f5 Ng5 27. Ng3 Kh8 28. Qc3 Rac8 29. Rae1 c5 30. h4 cxb4 31. Qxb4 Qe5 32. Nxe4 Nxe4 33. Bf3 Rc2 34. Qb3 Qd4+ 35. Qe3 Qb2 36. Rb1 Qe5 37. Rbc1 Rb2 38. Rfe1 Rg8 39. Re2 Rxe2 40. Bxe2 Qxf5 41. Bd3 Qg4 42. Bxe4 dxe4 43. Qf2 f5 44. a4 Rd8 45. Kh2 f4 46. Rc7 e3 47. Qb2+ Kg8 48. Qb3+ Kh8 49. Qc3+ Kg8 50. Qc4+ Kh8 51. Qc3+ Kg8 52. Qc4+ Kh8 53. Qc3+ Kg8 54. Qc4+ 1/2-1/2

[Event "Xtracon Open 2019"]
[Site "Helsingor"]
[Date "2019.07.20"]
[Round "1.10"]
[White "Ben Porat, Tal"]
[Black "Karthikeyan, Murali"]
[Result "0-1"]
[WhiteElo "1928"]
[BlackElo "2613"]
[Annotator "TA"]
[PlyCount "102"]
[EventDate "2019.07.19"]
[EventType "swiss"]
[EventCountry "DEN"]
[SourceTitle "playchess.com"]
[Source "ChessBase"]
[SourceQuality "1"]

1. e4 c5 2. Nf3 Nc6 3. Bb5 g6 4. Bxc6 dxc6 5. O-O Bg7 6. h3 Nf6 7. Qe2 O-O 8. Rd1 e5 9. d3 Ne8 10. Nc3 Nc7 11. Bg5 f6 12. Be3 Qe7 13. Nh2 Ne6 14. Rf1 b6 15. f4 exf4 16. Bxf4 Nxf4 17. Rxf4 f5 18. Re1 Bd7 19. exf5 Qd6 20. Rff1 Rae8 21. Qd2 Bxf5 22. Rxe8 Rxe8 23. Re1 Rf8 24. Rf1 c4 25. Rf3 cxd3 26. cxd3 Rd8 27. Qg5 Bf6 28. Qh6 Re8 29. Qd2 Bd4+ 30. Kh1 Qe6 31. Rf1 Qe3 32. Qxe3 Rxe3 33. Nf3 Bxd3 34. Rd1 Bf6 35. Kg1 Bc4 36. Rd7 Bxc3 37. bxc3 a5 38. Rd6 Bxa2 39. Rxc6 b5 40. Kf2 Re7 41. Ra6 a4 42. Nd4 Bc4 43. Ra5 Rb7 44. Nc6 Kg7 45. g3 Kf6 46. Ke3 Bf1 47. Nd4 Ke5 48. h4 Kd5 49. Nf3 Re7+ 50. Kd2 Re2+ 51. Kd1 Rg2 0-1

[Event "Xtracon Open 2019"]
[Site "Helsingor"]
[Date "2019.07.20"]
[Round "1.11"]
[White "Vocaturo, Daniele"]
[Black "Voll, Oddvar U"]
[Result "1-0"]
[WhiteElo "2612"]
[BlackElo "1927"]
[Annotator "TA"]
[PlyCount "31"]
[EventDate "2019.07.19"]
[EventType "swiss"]
[EventCountry "DEN"]
[SourceTitle "playchess.com"]
[Source "ChessBase"]
[SourceQuality "1"]

1. e4 d6 2. d4 Nf6 3. Nc3 Nbd7 4. Nf3 e5 5. Rg1 c6 6. g4 h6 7. h4 g6 8. g5 hxg5 9. Bxg5 Qc7 10. Qd3 Be7 11. O-O-O Nf8 12. d5 c5 13. Nxe5 dxe5 14. d6 c4 15. Qf3 Qc6 16. Bxf6 1-0

[Event "Xtracon Open 2019"]
[Site "Helsingor"]
[Date "2019.07.20"]
[Round "1.11"]
[White "Nord, Alexander"]
[Black "Salomon, Johan"]
[Result "0-1"]
[WhiteElo "1893"]
[BlackElo "2514"]
[Annotator "ChessBase"]
[PlyCount "86"]
[EventDate "2019.07.19"]
[EventType "swiss"]
[EventCountry "DEN"]
[SourceTitle "playchess.com"]
[Source "ChessBase"]
[SourceQuality "1"]

1. d4 Nf6 2. Bf4 d5 3. e3 c5 4. c3 Nc6 5. Nd2 Bf5 6. Ngf3 e6 7. Ne5 Nd7 8. Ndf3 f6 9. Nxc6 bxc6 10. Nh4 Be4 11. f3 Bg6 12. Nxg6 hxg6 13. Bd3 f5 14. O-O Be7 15. Qd2 Qb6 16. Rac1 Kf7 17. Bb1 cxd4 18. cxd4 c5 19. a3 a5 20. Rfd1 Rac8 21. Ba2 c4 22. Kh1 g5 23. Bg3 Bd6 24. Bxd6 Qxd6 25. f4 Nf6 26. Bb1 Rh5 27. Kg1 Rb8 28. Re1 a4 29. Re2 Rb3 30. Rc3 Rb8 31. g3 gxf4 32. exf4 Rh3 33. Rce3 Ne4 34. Bxe4 fxe4 35. Rf2 g6 36. Qa5 Qd7 37. Qc3 Rb3 38. Qd2 Rd3 39. Qe2 Rxd4 40. f5 exf5 41. g4 Rh4 42. Rg3 Rd3 43. gxf5 gxf5 0-1

[Event "Xtracon Open 2019"]
[Site "Helsingor"]
[Date "2019.07.20"]
[Round "1.11"]
[White "Kalveus, Jan"]
[Black "Tomilova, Elena"]
[Result "0-1"]
[WhiteElo "1798"]
[BlackElo "2281"]
[Annotator "NA"]
[PlyCount "76"]
[EventDate "2019.07.19"]
[EventType "swiss"]
[EventCountry "DEN"]
[SourceTitle "playchess.com"]
[Source "ChessBase"]
[SourceQuality "1"]

1. d4 d5 2. Nf3 Nf6 3. c4 c6 4. Nc3 dxc4 5. a4 a5 6. e3 Bg4 7. Bxc4 e6 8. h3 Bh5 9. g4 Bg6 10. Bd3 Bxd3 11. Qxd3 Nbd7 12. e4 Bb4 13. Bf4 Nc5 14. Qc2 Ncxe4 15. O-O Nxc3 16. bxc3 Bd6 17. Ne5 Nd5 18. Bg3 f6 19. Nc4 Bxg3 20. fxg3 b5 21. Nd2 Ne3 22. Qe4 Nxf1 23. Qxc6+ Kf7 24. Rxf1 Rc8 25. Qf3 b4 26. Ne4 bxc3 27. Qe3 Re8 28. g5 f5 29. g4 Kg8 30. Nxc3 Rc4 31. Ne2 fxg4 32. h4 Rxa4 33. h5 Ra2 34. Rf4 Ra1+ 35. Kg2 Qd5+ 36. Re4 Rf8 37. Nc3 Qf5 38. Ne2 Qf1+ 0-1

[Event "Xtracon Open 2019"]
[Site "Helsingor"]
[Date "2019.07.20"]
[Round "1.12"]
[White "Hjartarson, Johann"]
[Black "Undheim, Bjarne"]
[Result "1-0"]
[WhiteElo "2513"]
[BlackElo "1892"]
[Annotator "ChessBase"]
[PlyCount "117"]
[EventDate "2019.07.19"]
[EventType "swiss"]
[EventCountry "DEN"]
[SourceTitle "playchess.com"]
[Source "ChessBase"]
[SourceQuality "1"]

1. d4 d5 2. c4 Nc6 3. Nc3 Nf6 4. Nf3 dxc4 5. d5 Na5 6. Qa4+ c6 7. b4 b5 8. Qxa5 Qxa5 9. bxa5 b4 10. Na4 cxd5 11. Be3 Nd7 12. O-O-O e6 13. Nd4 Nc5 14. Nxc5 Bxc5 15. g3 Bd7 16. Bg2 Rc8 17. Kb2 Ba4 18. Nc2 Bxe3 19. fxe3 Rc5 20. Rb1 Rb5 21. Kc1 Bxc2 22. Kxc2 Ke7 23. Rb2 Kd6 24. a4 b3+ 25. Kc3 Rxa5 26. e4 Ke5 27. exd5 exd5 28. Rd1 Rd8 29. Rbd2 f5 30. Kb4 d4 31. Kxa5 c3 32. Kb4 Rb8+ 33. Ka3 b2 34. Ka2 cxd2 35. Kb1 Rb4 36. Rxd2 Rxa4 37. Rxb2 h6 38. Rb5+ Ke6 39. Kc2 Ra3 40. Kd2 Kf6 41. Rd5 g5 42. Rxd4 g4 43. Rd6+ Ke5 44. Rxh6 Ra2+ 45. Ke3 Ra3+ 46. Kf2 a5 47. Rb6 a4 48. Rb5+ Kf6 49. Ra5 Ra1 50. Bd5 a3 51. Bb3 Rh1 52. Kg2 Re1 53. Bc4 Rc1 54. Bd3 a2 55. Rxa2 Rc5 56. Rb2 Re5 57. Rb5 Re3 58. Rxf5+ Ke6 59. Rg5 1-0

[Event "Xtracon Open 2019"]
[Site "Helsingor"]
[Date "2019.07.20"]
[Round "1.12"]
[White "Heimisson, Hilmir Freyr"]
[Black "Hansen, Aksel"]
[Result "1-0"]
[WhiteElo "2279"]
[BlackElo "1790"]
[Annotator "NA"]
[PlyCount "65"]
[EventDate "2019.07.19"]
[EventType "swiss"]
[EventCountry "DEN"]
[SourceTitle "playchess.com"]
[Source "ChessBase"]
[SourceQuality "1"]

1. c4 d5 2. cxd5 Qxd5 3. Nc3 Qa5 4. b4 Qxb4 5. Rb1 Qd6 6. d4 Qd8 7. Ba3 g6 8. Nf3 Bg7 9. e4 Nd7 10. Be2 e6 11. Qc2 a6 12. h4 Ne7 13. h5 c5 14. dxc5 Nc6 15. O-O O-O 16. Na4 Qc7 17. Rfd1 Nf6 18. hxg6 hxg6 19. Nb6 Rb8 20. Nc4 Nh5 21. Bf1 e5 22. Ne3 Nf4 23. Nd5 Nxd5 24. exd5 Nd4 25. Nxd4 exd4 26. Bd3 Qe5 27. Re1 Qxd5 28. c6 Be6 29. Bxf8 Bxf8 30. Be4 Qg5 31. c7 Re8 32. Bxb7 Bd6 33. Rxe6 1-0

[Event "Xtracon Open 2019"]
[Site "Helsingor"]
[Date "2019.07.20"]
[Round "1.13"]
[White "Meyer, Juergen"]
[Black "Bjerre, Jonas Buhl"]
[Result "0-1"]
[WhiteElo "1990"]
[BlackElo "2503"]
[Annotator "ChessBase"]
[PlyCount "50"]
[EventDate "2019.07.19"]
[EventType "swiss"]
[EventCountry "DEN"]
[SourceTitle "playchess.com"]
[Source "ChessBase"]
[SourceQuality "1"]

1. e4 c5 2. Nf3 d6 3. d4 cxd4 4. Qxd4 Nf6 5. e5 Nc6 6. Bb5 Qa5+ 7. Nc3 Qxb5 8. Nxb5 Nxd4 9. Nfxd4 dxe5 10. Nc7+ Kd7 11. Nxa8 exd4 12. Bf4 e5 13. Bxe5 Bd6 14. Bxd4 Re8+ 15. Kf1 Kc6 16. Bxa7 Nd5 17. c4 Nf4 18. Re1 Be6 19. Nb6 Nd3 20. Rd1 Nxb2 21. Rxd6+ Kxd6 22. Nd5 Nxc4 23. Ne3 b6 24. Ke2 Ra8 25. Rd1+ Kc5 0-1

[Event "Xtracon Open 2019"]
[Site "Helsingor"]
[Date "2019.07.20"]
[Round "1.13"]
[White "Halvorsen, Benjamin"]
[Black "Soraas, Torben"]
[Result "0-1"]
[WhiteElo "1789"]
[BlackElo "2266"]
[Annotator "NA"]
[PlyCount "38"]
[EventDate "2019.07.19"]
[EventType "swiss"]
[EventCountry "DEN"]
[SourceTitle "playchess.com"]
[Source "ChessBase"]
[SourceQuality "1"]

1. e4 e6 2. d4 d5 3. exd5 exd5 4. Nf3 Bd6 5. c4 dxc4 6. Bxc4 Nf6 7. O-O O-O 8. Bg5 Bg4 9. Qb3 Nc6 10. Bd5 Bxf3 11. Bxf3 Nxd4 12. Qxb7 Rb8 13. Qxa7 Nxf3+ 14. gxf3 Qd7 15. Kg2 Qf5 16. Bxf6 Qxf6 17. Qe3 Rfe8 18. Qd3 Qg5+ 19. Kh1 Qf4 0-1

[Event "Xtracon Open 2019"]
[Site "Helsingor"]
[Date "2019.07.20"]
[Round "1.14"]
[White "Sonis, Francesco"]
[Black "Ben Porat, Zeev"]
[Result "1-0"]
[WhiteElo "2498"]
[BlackElo "1888"]
[Annotator "ChessBase"]
[PlyCount "57"]
[EventDate "2019.07.19"]
[EventType "swiss"]
[EventCountry "DEN"]
[SourceTitle "playchess.com"]
[Source "ChessBase"]
[SourceQuality "1"]

1. c4 e6 2. Nc3 f5 3. g3 Nf6 4. Bg2 Be7 5. Nf3 O-O 6. O-O d6 7. d3 Nc6 8. Rb1 a5 9. a3 Qe8 10. b4 axb4 11. axb4 e5 12. b5 Nd8 13. Nd5 Ne6 14. e3 Bd8 15. Nd2 Nc5 16. Nb3 Nxb3 17. Qxb3 Kh8 18. f4 c6 19. bxc6 bxc6 20. Nc3 Bc7 21. Bd2 Rb8 22. Qa4 Rxb1 23. Rxb1 e4 24. Qc2 exd3 25. Qxd3 Bd7 26. Bc1 Qe6 27. Rb7 Bb8 28. Qb1 Qxc4 29. Rxb8 1-0

[Event "Xtracon Open 2019"]
[Site "Helsingor"]
[Date "2019.07.20"]
[Round "1.14"]
[White "Dauth, Benjamin"]
[Black "Zwisler, Lars Erik"]
[Result "1-0"]
[WhiteElo "2263"]
[BlackElo "1789"]
[Annotator "NA"]
[PlyCount "69"]
[EventDate "2019.07.19"]
[EventType "swiss"]
[EventCountry "DEN"]
[SourceTitle "playchess.com"]
[Source "ChessBase"]
[SourceQuality "1"]

1. e4 d5 2. exd5 Nf6 3. Bb5+ Bd7 4. Bc4 c6 5. dxc6 Bxc6 6. Nf3 e6 7. O-O Bd6 8. d3 Qc7 9. Nbd2 Nbd7 10. Re1 O-O 11. Bb3 Rad8 12. Nf1 h6 13. Nd4 Nc5 14. Nxc6 Qxc6 15. Be3 a5 16. Bxc5 Bxc5 17. a4 Rd4 18. Ne3 Rfd8 19. Qe2 Qc7 20. Bc4 Rh4 21. g3 Rh5 22. c3 e5 23. Ng4 Rf5 24. Nxf6+ Rxf6 25. Qxe5 Bxf2+ 26. Kg2 Qb6 27. Re2 Qc6+ 28. Qe4 Qb6 29. d4 Bxd4 30. cxd4 Rxd4 31. Qe8+ Kh7 32. Bxf7 Rd8 33. Qe4+ g6 34. Qe7 Qc6+ 35. Bd5+ 1-0

[Event "Xtracon Open 2019"]
[Site "Helsingor"]
[Date "2019.07.20"]
[Round "1.15"]
[White "Slettebo, Jan"]
[Black "Hector, Jonny"]
[Result "0-1"]
[WhiteElo "1888"]
[BlackElo "2487"]
[Annotator "ChessBase"]
[PlyCount "62"]
[EventDate "2019.07.19"]
[EventType "swiss"]
[EventCountry "DEN"]
[SourceTitle "playchess.com"]
[Source "ChessBase"]
[SourceQuality "1"]

1. e4 e5 2. Nf3 Nc6 3. d4 exd4 4. Bc4 Nf6 5. e5 Ng4 6. Qe2 Qe7 7. Bf4 f6 8. exf6 Nxf6 9. Nbd2 d6 10. O-O-O Qxe2 11. Bxe2 Nh5 12. Bg5 h6 13. Bh4 g5 14. Nxd4 Nf4 15. Bb5 Bd7 16. Bxc6 bxc6 17. Bg3 Nxg2 18. Rhg1 Nh4 19. Rde1+ Kf7 20. Bxh4 gxh4 21. Re4 d5 22. Rf4+ Ke8 23. Re1+ Kd8 24. Rf7 Bd6 25. f4 Re8 26. Rg1 c5 27. N4f3 h3 28. b3 c4 29. bxc4 Be6 30. Rf6 dxc4 31. Nd4 Bd5 0-1

[Event "Xtracon Open 2019"]
[Site "Helsingor"]
[Date "2019.07.20"]
[Round "1.15"]
[White "Zierott, Jan"]
[Black "Buchal, Stephan"]
[Result "0-1"]
[WhiteElo "1783"]
[BlackElo "2260"]
[Annotator "NA"]
[PlyCount "158"]
[EventDate "2019.07.19"]
[EventType "swiss"]
[EventCountry "DEN"]
[SourceTitle "playchess.com"]
[Source "ChessBase"]
[SourceQuality "1"]

1. d4 d6 2. Bf4 g6 3. Nf3 Bg7 4. Nbd2 Nd7 5. e3 e5 6. Bg3 Qe7 7. dxe5 dxe5 8. c3 Ngf6 9. h3 O-O 10. Be2 b6 11. O-O Bb7 12. Qc2 h6 13. Rfd1 Kh7 14. Nc4 Ne4 15. Bh2 f5 16. Ncd2 Nd6 17. Nc4 Nxc4 18. Bxc4 Bxf3 19. gxf3 Rad8 20. Rd2 Nc5 21. Rad1 Qg5+ 22. Kh1 Rxd2 23. Qxd2 Qh5 24. Kg2 Qg5+ 25. Kh1 Qh5 26. Kg2 f4 27. Be2 Ne6 28. Qd7 Qg5+ 29. Kf1 Qf5 30. Kg2 Rd8 31. Qa4 Rxd1 32. Qxd1 Qg5+ 33. Kf1 fxe3 34. fxe3 Qxe3 35. Qd7 Ng5 36. Bg1 Qc1+ 37. Kf2 e4 38. f4 Qxf4+ 39. Ke1 e3 40. Qg4 Qxg4 41. hxg4 Be5 42. Bxe3 Ne4 43. Bf3 Nd6 44. Ke2 Nc4 45. Bc1 Bf6 46. Bd5 Ne5 47. Be6 Bg5 48. Bxg5 hxg5 49. Ke3 Kg7 50. b3 Kf6 51. Bc8 Ke7 52. Ke4 Kd6 53. Kd4 Nc6+ 54. Ke4 Ne7 55. Bb7 c6 56. Ba6 Nd5 57. Kd4 c5+ 58. Kd3 Ke5 59. Bc4 Nf6 60. Bf7 Nxg4 61. Bxg6 Kf4 62. Be8 Ne5+ 63. Ke2 g4 64. a4 a5 65. Bb5 Nf3 66. Bc6 Ne5 67. Bb7 g3 68. Ba8 Ng4 69. Bb7 Ne3 70. Kd3 Nf5 71. Bc6 Nd6 72. Ba8 Nf7 73. Bd5 Ne5+ 74. Ke2 Ng4 75. Kd3 Ne3 76. Bb7 Nd1 77. Kc4 Ke3 78. b4 Nxc3 79. Kxc3 cxb4+ 0-1

[Event "Xtracon Open 2019"]
[Site "Helsingor"]
[Date "2019.07.20"]
[Round "1.16"]
[White "Cramling, Pia"]
[Black "Smeby, Ole"]
[Result "1-0"]
[WhiteElo "2479"]
[BlackElo "1887"]
[Annotator "TA"]
[PlyCount "59"]
[EventDate "2019.07.19"]
[EventType "swiss"]
[EventCountry "DEN"]
[SourceTitle "playchess.com"]
[Source "ChessBase"]
[SourceQuality "1"]

1. Nf3 d5 2. d4 c6 3. c4 e6 4. Qc2 Nf6 5. g3 Nbd7 6. Bg2 Bb4+ 7. Nbd2 Ne4 8. O-O Nxd2 9. Bxd2 Bxd2 10. Nxd2 Nf6 11. Rad1 O-O 12. e4 dxe4 13. Nxe4 g6 14. Rfe1 Nxe4 15. Rxe4 Qc7 16. Qd2 b6 17. Qh6 Bb7 18. Rde1 Rfe8 19. h4 Qd6 20. h5 Qf8 21. Qe3 Red8 22. Rh4 Rd7 23. c5 bxc5 24. dxc5 Rad8 25. hxg6 hxg6 26. Be4 Qg7 27. Kg2 Rd1 28. Qg5 R8d7 29. Rxd1 Rxd1 30. Qe7 1-0

[Event "Xtracon Open 2019"]
[Site "Helsingor"]
[Date "2019.07.20"]
[Round "1.16"]
[White "Jogstad, Martin"]
[Black "Viitaniemi, Olli"]
[Result "1-0"]
[WhiteElo "2259"]
[BlackElo "1778"]
[Annotator "NA"]
[PlyCount "77"]
[EventDate "2019.07.19"]
[EventType "swiss"]
[EventCountry "DEN"]
[SourceTitle "playchess.com"]
[Source "ChessBase"]
[SourceQuality "1"]

1. d4 Nf6 2. c4 c5 3. d5 b5 4. cxb5 a6 5. bxa6 g6 6. Nc3 Bxa6 7. e4 Bxf1 8. Kxf1 d6 9. Nf3 Bg7 10. g3 Nbd7 11. Kg2 O-O 12. a4 Ra6 13. Qc2 Qa8 14. Re1 Rb8 15. b3 e6 16. dxe6 fxe6 17. Bb2 Rb4 18. Rab1 Qc6 19. Ba3 Rb8 20. Nb5 d5 21. exd5 exd5 22. Bb2 Ne4 23. Bxg7 Kxg7 24. Nd2 Ndf6 25. Nxe4 Nxe4 26. f3 Ng5 27. Re7+ Kg8 28. Qe2 Rf8 29. Qe5 Nf7 30. Qe3 d4 31. Qe4 Qf6 32. Re1 h5 33. Re6 Rxe6 34. Qxe6 Qg5 35. f4 Qh6 36. Nd6 Qg7 37. Ne8 Qh6 38. Nf6+ Kh8 39. Nd7 1-0